000 00451nam a2200169Ia 4500
008 180921t2014 xxu||||| |||| 00| 0 sin d
041 _asin
080 _a8-31
_bTHO
100 _aTholsthoi, Alexei
245 _aනිකීතාගේ ලමා කාලය
246 _aNikeethage Lama Kalaya
260 _bKurulu poth
_aRajagiriya
_c2014
300 _a155p, 21 Cm
942 _cBK
999 _c11359
_d11359
003 LK-CoDNM
040 _aLK-CoDNM
_dLK-CoDNM
_eLK-CoDNM